Online
Catalog

Oriente medio tiene la palabra. (Record no. 36094)

MARC details
000 -CABECERA
campo de control de longitud fija 00292nam a2200109 a 4500
005 - FECHA Y HORA DE LA ÚLTIMA TRANSACCIÓN
campo de control 20200930075825.0
008 - DATOS DE LONGITUD FIJA--INFORMACIÓN GENERAL
campo de control de longitud fija 120123s1957 000 spa d
040 ## - FUENTE DE LA CATALOGACIÓN
Centro catalogador/agencia de origen DO-SdBNP
100 ## - ENTRADA PRINCIPAL--NOMBRE DE PERSONA
Nombre de persona Carandell, Luis
9 (RLIN) 27704
245 #0 - MENCIÓN DE TÍTULO
Título Oriente medio tiene la palabra.
260 ## - PUBLICACIÓN, DISTRIBUCIÓN, ETC.
Lugar de publicación, distribución, etc. Barcelona, España,
Fecha de publicación, distribución, etc. 1957.

No items available.

Powered by Koha